000 00846nam a2200265Ia 4500
003 OSt
005 20220928124058.0
006 a|||||r|||| 00| 0
007 ta
008 220927b |||||||| |||| 00| 0 eng d
020 _cEURO 168.21
024 _a137188
037 _b141, 23/02/2018, N.R.Book Distributors
_cTextual
040 _aSDCL
_cSDCL
_beng
041 _2eng
_aeng
082 _aI:33(F), Q6
100 _aKole Chittaranjan Ed.
_9463276
245 0 _aPlant nanotechnology
_b Principles and practices
260 _aSwitzerland
_bSpringer
_c2016
300 _axv,383p.
_ccm.
650 _aPlant Molecular Biology
700 _a Kumar D. Sakthi Ed.
_9463277
942 _hI:33(F), Q6
_cTEXL
_2CC
999 _c776208
_d776208